000 00676nam a2200193Ii 4500
003 JO-AjNU
008 230605s9999||||xx |||||||||||||| ||und||
040 _aJO-AjNU
_bara
_erda
_cJO-AjNU
041 _aara
050 1 4 _aTT507
100 3 _aفردوني، ماريو /ترجمة طه فوزي؛ جلال زكي المنفلوطي ,
_eauthor
_916852
245 0 0 _aالموضات والازاياء في الافلام
264 3 1 _aمصر:وزارة الثقافة والارشاد المصري، د.ت
300 _a186ص
336 _atext
_btxt
_2rdacontent
337 _aunmediated
_bn
_2rdamedia
338 _avolume
_bnc
_2rdacarrier
650 4 _aالازياء
_916853
999 _aA5086
_c8654
_d8654